000 00543nam a2200169Ia 4500
008 090711s9999 xx 000 0 und d
082 _b197
100 _aदातार प्रदीप दत्तात्रय
245 _aव्रतस्थ
260 _c2000
300 _a233
600 _aदातार प्रदीप दत्तात्रय
630 _aव्रतस्थ
700 _aदातार प्रदीप दत्तात्रय
730 _aव्रतस्थ
942 _cBOOK
999 _c337166
_d337166